Illustrations des atouts au Tarot Nouveau - Statistiques

Statistiques générales
  • Ce quiz a été pris 15 fois
  • Le résultat moyen est 20 sur 42
Statistiques - réponses
Par images Réponse % Correct
1
91%
21
91%
1
82%
10
73%
3
73%
11
64%
13
64%
18
64%
2
64%
2
64%
13
55%
14
55%
16
55%
17
55%
19
55%
20
55%
20
55%
5
55%
8
55%
9
55%
10
45%
12
45%
14
45%
17
45%
18
45%
19
45%
21
45%
4
45%
4
45%
9
45%
11
36%
12
36%
15
36%
15
36%
16
27%
3
27%
5
27%
6
18%
6
18%
7
18%
7
18%
8
18%
Aucun quiz correspondant
Distribution des résultats
% des personnes avec chaque résultat
Percentile par nombre de réponses
Votre historique - résultats
Vous n’avez pas pris ce quiz